| 000 | 00521cam a2200181 4500 | ||
|---|---|---|---|
| 001 | BIIH003706 | ||
| 008 | 1988 spa | ||
| 020 | _a968-859-025 | ||
| 035 | _aBIIH003706 | ||
| 050 | 4 |
_aLC493 _bM45 1988 |
|
| 100 | 1 | _aMeneses, Ernesto | |
| 245 | 3 |
_aEl Código educativo de la Compañía de Jesús / _cErnesto Meneses. |
|
| 260 |
_aMéxico : _bUIA, Departamento de Historia, _c1988 |
||
| 300 |
_a73 p. ; _c21 cm. |
||
| 500 | _a2 ejemplar | ||
| 650 | 4 | _aJesuítas de Historia | |
| 942 |
_2lcc _cLIB |
||
| 999 |
_c69983 _d69983 |
||